Los anales
Guardat en:
| Autor principal: | |
|---|---|
| Format: | Llibre |
| Idioma: | espanyol |
| Publicat: |
Barcelona
Océano
2000
|
| Col·lecció: | Biblioteca Universal
|
| Matèries: | |
| Etiquetes: |
Afegir etiqueta
Sense etiquetes, Sigues el primer a etiquetar aquest registre!
|
MARC
| LEADER | 00000nam a2200000 a 4500 | ||
|---|---|---|---|
| 001 | UCM0513 | ||
| 003 | CL-VaPUC | ||
| 008 | 020301e20000000SP |||||||||||||||||spa|d | ||
| 082 | 0 | 4 | |a 937.07 |b TAC |2 21 |
| 100 | |a Tácito, Cornelio |e author |9 438184 | ||
| 245 | 1 | 4 | |a Los anales |
| 300 | |a 497 p | ||
| 942 | |c BK | ||
| 945 | |d 20020301 00:00:00 |a cmena | ||
| 260 | |a Barcelona |b Océano |c 2000 | ||
| 650 | 0 | |a Historiografía |9 257871 | |
| 650 | 0 | |a Investigación histórica |9 344844 | |
| 650 | 0 | |a Biografías |9 255210 | |
| 650 | 0 | |a Historia romana |9 322973 | |
| 651 | 0 | |a Roma |9 255106 | |
| 583 | |a last modification |c 20020301 00:00:00 |k Rodrigo Vera | ||
| 490 | 0 | |a Biblioteca Universal | |
| 999 | |c 299417 |d 299415 | ||
| 952 | |0 0 |1 0 |4 0 |6 937_070000000000000_TAC_2000 |7 0 |8 A |9 355945 |a BIBHIS |b BIBHIS |d 2019-11-21 |i 3794075 |l 1 |m 2 |o 937.07 TAC 2000 |p 3794075 |r 2025-01-20 |s 2021-11-08 |w 2019-11-21 |y BK |k HIS | ||